| 000 | 00000nam##2200000za#4500 |
| 001 | 9.578473 |
| 003 | CaOODSP |
| 005 | 20210624190114 |
| 007 | cr ||||||||||| |
| 008 | 150406|1987||||xxc|||||o f|0| 0 eng|d |
| 022 | |a1488-5379 |
| 040 | |aCaOODSP|beng |
| 043 | |an-cn--- |
| 086 | 1 |aFs97-6/1542E-PDF |
| 110 | 1 |aCanada. |bDepartment of Fisheries and Oceans. |
| 245 | 13|aAn updated bibliography (1545-1986) on ozone, its biological effects and technical applications / |h[electronic resource]|c[by] Harald Rosenthal and J. Scott Wilson. |
| 260 | |aHalifax - Nova Scotia : |bFisheries and Oceans Canada |c1987. |
| 300 | |a258p.|breferences, tables |
| 490 | 1 |aCanadian technical report of fisheries and aquatic sciences|x1488-5379|vNo. 1542 |
| 500 | |aOn t.p.: Biological Sciences Branch, Scotia-Fundy Region, Halifax, Nova Scotia. The catalogue number and ISSN for the print edition appear in the PDF version. |
| 546 | |a(Résumé en français) |
| 590 | |a14-02-Supp|b2014-01-08 |
| 720 | 1 |aWilson, S. |
| 720 | 1 |aRosenthal, H. |
| 830 | #0|aCanadian technical report of fisheries and aquatic sciences,|x1488-5379|vNo. 1542|w(CaOODSP)9.504449 |
| 856 | 40|ahttp://publications.gc.ca|qPDF|s23,600 KB|uhttps://publications.gc.ca/collections/collection_2014/mpo-dfo/Fs97-6-1542-eng.pdf|yNo. 1542 |